| 000 | 00673nam a2200217 i 4500 | ||
|---|---|---|---|
| 001 | 105594 | ||
| 003 | ES-MaACL | ||
| 005 | 20230906183930.0 | ||
| 007 | t| | ||
| 008 | 060726s1944 cl ||||1| spa d | ||
| 080 | _a821.162.3-31"19" | ||
| 100 | 1 |
_aCapek, Karel. _934811 |
|
| 245 | 1 | 3 |
_aLa guerra con las salamandras / _cKarel Capek ; traducción de Mauricio Amster. |
| 260 |
_aSantiago de Chile : _bZig-Zag, _c1944. |
||
| 300 |
_a328 p. ; _c20 cm. |
||
| 490 | 1 | _aBiblioteca de novelistas | |
| 700 | 1 |
_aAmster, Mauricio. _921346 |
|
| 830 | 1 |
_aBiblioteca de novelistas _9185070 |
|
| 852 |
_aES-MaACL _jAND-396 _z- Biblioteca Juan Andrade |
||
| 999 |
_c105594 _d105594 |
||